| 000 | 01508cam a2200145 4500500 | ||
|---|---|---|---|
| 005 | 20260329065914.0 | ||
| 041 | _afre | ||
| 042 | _adc | ||
| 100 | 1 | 0 |
_aJacquet, Nicolas _eauthor |
| 700 | 1 | 0 |
_aJacquet, Guéric _eauthor |
| 245 | 0 | 0 | _aLa France qui gagne : Les succès français |
| 260 |
_bOdile Jacob,
_c2005. |
||
| 520 | _aEt si la France avait aussi ses succès ? Un préalable : en finir avec l’idéologie du déclin et redécouvrir que c’est en partant d’eux que nous pourrons construire nos réformes. Réseaux de transports, production d’énergie, nouvelles technologies : nous sommes pionniers ! Stabilité des institutions et débat politique : les Français ne sont pas fatigués de la démocratie ! Tissu urbain, cohésion sociale, richesse de la culture : nous faisons mieux que beaucoup de nos voisins ! Dynamisme et compétitivité des entreprises : la France est en marche dans la mondialisation. Le pessimisme ambiant a ses chantres. La question mérite d’être posée : à qui profite le « déclinisme » ?Nicolas Jacquet, préfet, ancien élève de l’ENA, a été délégué à l’aménagement du territoire (Datar) et est aujourd’hui directeur général de la Chambre de commerce et d’industrie de Paris.Guéric Jacquet, ancien élève de l’ENS Cachan, agrégé d’économie et gestion, est chercheur à la Fondation pour l’innovation politique. | ||
| 856 | 4 | 1 | _uhttps://shs.cairn.info/la-france-qui-gagne--9782738116819?lang=fr&redirect-ssocas=7080 |
| 999 |
_c2023657 _d2023657 |
||